[Event "Titled Tue 17th Jun Late"]
[Site "chess.com INT"]
[Date "2025.06.17"]
[Round "8"]
[White "Romanchuk, Viktor"]
[Black "Krawczyk, Flawian"]
[Result "0-1"]
[WhiteTitle "FM"]
[BlackTitle "CM"]
[WhiteElo "2266"]
[BlackElo "2247"]
[WhiteFideId "14109271"]
[BlackFideId "21881413"]
[EventDate "2025.06.17"]

1. d4 Nf6 2. c4 c5 3. Nf3 cxd4 4. Nxd4 e5 5. Nb5 d5 6. cxd5 Bc5 7. N5c3 O-O 8.
h3 Re8 9. g4 e4 10. Bg2 e3 11. Bxe3 Bxe3 12. fxe3 Qb6 13. Qd2 Nbd7 14. Na3 Ne5
15. O-O a6 16. Rab1 Qd6 17. Qd4 b5 18. Nc2 h6 19. e4 Bd7 20. Ne3 Rac8 21. Rbc1
Nc4 22. Nxc4 Rxc4 23. Qd3 Qe5 24. e3 Rec8 25. a3 h5 26. gxh5 Qxh5 27. b3 R4c5
28. Ne2 Qe5 29. Rxc5 Rxc5 30. Nd4 Qg3 31. Ne2 Qg5 32. Nf4 a5 33. Qd4 Rc2 34. e5
Bxh3 35. Rf2 Rxf2 36. Kxf2 Ng4+ 37. Ke2 Bxg2 38. Nxg2 Nxe5 39. Qe4 f6 40. d6
Qh5+ 41. Kd2 Qf7 42. Nf4 Qxb3 43. Qd5+ Qxd5+ 44. Nxd5 Kf7 45. Nc7 b4 46. axb4
axb4 47. e4 Nc4+ 48. Kd3 Nxd6 0-1

[Event "Titled Tue 17th Jun Late"]
[Site "chess.com INT"]
[Date "2025.06.17"]
[Round "8"]
[White "Sharankov, Grigory"]
[Black "Ratkovic, Miloje"]
[Result "1-0"]
[WhiteTitle "CM"]
[BlackTitle "GM"]
[WhiteElo "2238"]
[BlackElo "2489"]
[WhiteFideId "4168356"]
[BlackFideId "914517"]
[EventDate "2025.06.17"]

1. e4 Nf6 2. e5 Nd5 3. d4 c6 4. Nf3 d6 5. Be2 Bg4 6. O-O e6 7. h3 Bh5 8. exd6
Bxd6 9. c4 Nf4 10. Bxf4 Bxf4 11. Nc3 O-O 12. Ne5 Bxe5 13. dxe5 Bg6 14. Qb3 Qc7
15. Rfe1 Nd7 16. f4 Nc5 17. Qa3 b6 18. b4 Nd7 19. Bf3 a5 20. b5 Nc5 21. bxc6
Rad8 22. Nb5 Qc8 23. Nd6 Qc7 24. Rad1 h5 25. Nb5 Qc8 26. Rd6 Bd3 27. Qc3 h4 28.
Rd1 Be4 29. c7 Rde8 30. Qe3 Bc2 31. R1d2 Ba4 32. Rxb6 Nd7 33. Bb7 Nxb6 34. Qxb6
Qxc7 35. Qxc7 Rb8 36. Rd7 Bc2 37. Nd6 Bg6 38. Kh2 Kh7 39. Be4 Rb2 40. Rxf7 Rfb8
41. Rxg7+ Kh8 42. Rh7+ Kg8 43. Qg7# 1-0

[Event "Titled Tue 17th Jun Late"]
[Site "chess.com INT"]
[Date "2025.06.17"]
[Round "8"]
[White "Terkiewicz, Bruno"]
[Black "Tekeyev, Zaur"]
[Result "0-1"]
[WhiteTitle "CM"]
[BlackTitle "IM"]
[WhiteElo "2183"]
[BlackElo "2407"]
[WhiteFideId "21093245"]
[BlackFideId "4199731"]
[EventDate "2025.06.17"]

1. Nf3 Nf6 2. g3 g6 3. Bg2 Bg7 4. O-O O-O 5. b3 d6 6. d4 a5 7. Bb2 a4 8. c4 c6
9. Qc1 Qa5 10. Bc3 Qh5 11. Nbd2 Bh3 12. e4 Ng4 13. Re1 e5 14. dxe5 dxe5 15. b4
Nd7 16. c5 f5 17. Bh1 f4 18. Qc2 Rf7 19. Rad1 Raf8 20. Qxa4 fxg3 21. hxg3 Nxf2
22. Kxf2 Bg4 23. Qb3 Kh8 24. Re3 Bh6 25. Rd3 Bxd2 26. Bxd2 Bxf3 27. Rxf3 Qh2+
28. Ke3 Nf6 29. Kd3 Rd7+ 30. Kc2 Rfd8 31. Rxf6 Rxd2+ 32. Kc3 R8d3+ 33. Kc4 Rxb3
34. Kxb3 Rxd1 0-1

[Event "Titled Tue 17th Jun Late"]
[Site "chess.com INT"]
[Date "2025.06.17"]
[Round "8"]
[White "Kochetkov, German"]
[Black "Goryachkina, Aleksandra"]
[Result "0-1"]
[WhiteTitle "IM"]
[BlackTitle "GM"]
[WhiteElo "2277"]
[BlackElo "2533"]
[WhiteFideId "13500635"]
[BlackFideId "4147103"]
[EventDate "2025.06.17"]

1. f4 d5 2. Nf3 Nf6 3. g3 g6 4. Bg2 Bg7 5. O-O O-O 6. d3 Nc6 7. Nc3 d4 8. Ne4
Nd5 9. c4 dxc3 10. Nxc3 Nxc3 11. bxc3 Bxc3 12. Rb1 Bg7 13. Be3 Rb8 14. Qa4 Be6
15. Bf2 Bg4 16. Rfc1 Bxf3 17. Bxf3 Nd4 18. Bxd4 Qxd4+ 19. Qxd4 Bxd4+ 20. Kg2 c6
21. Rc4 Bb6 22. d4 Rfd8 23. e3 e6 24. a4 Kg7 25. h4 h5 26. Kf2 Rd7 27. Ke2 f6
28. Rcb4 e5 29. a5 Bxa5 30. Bxc6 Bxb4 31. Bxd7 Bd6 32. dxe5 fxe5 33. Rd1 Bb4 34.
fxe5 a5 35. e6 b5 36. Rd5 a4 37. Bxb5 a3 38. Bc4 Rc8 39. Kd3 Kf6 40. Rd7 Be7 41.
Ra7 Rd8+ 0-1

[Event "Titled Tue 17th Jun Late"]
[Site "chess.com INT"]
[Date "2025.06.17"]
[Round "8"]
[White "Romany, Joy"]
[Black "Nita, Lucian"]
[Result "0-1"]
[WhiteTitle "WIM"]
[WhiteElo "1960"]
[BlackElo "2143"]
[WhiteFideId "10656820"]
[BlackFideId "1206923"]
[EventDate "2025.06.17"]

1. d4 d6 2. c4 Nf6 3. Nf3 Nbd7 4. Nc3 b6 5. d5 Bb7 6. e3 c6 7. Be2 e6 8. dxe6
fxe6 9. O-O d5 10. cxd5 cxd5 11. Nd4 Qe7 12. Ncb5 Kd8 13. b3 a6 14. Ba3 Nc5 15.
Nc3 Qd7 16. b4 Nce4 17. Na4 Qd6 18. Bc1 Rc8 19. Bd2 Nxd2 20. Qxd2 Ne4 21. Qd1
Nf6 22. b5 a5 23. Rc1 Be7 24. Rxc8+ Kxc8 25. Qc2+ Kb8 26. Nc6+ Bxc6 27. bxc6 Kc7
28. Qb3 Rb8 29. Rc1 Ne4 30. f3 Nc5 31. Qb5 Qxc6 32. Qxc6+ Kxc6 33. Nc3 b5 34.
Rb1 b4 35. Nd1 Bd6 36. Kf2 Kd7 37. Nb2 Rc8 38. Bb5+ Ke7 39. Ke2 Be5 40. Nd1 Rc7
41. Rc1 Bxh2 42. f4 e5 43. fxe5 Bxe5 44. Nf2 h5 45. Nh3 Kd6 0-1

[Event "Titled Tue 17th Jun Late"]
[Site "chess.com INT"]
[Date "2025.06.17"]
[Round "8"]
[White "Piesik, Piotr"]
[Black "Amirkul, Alimzhan"]
[Result "0-1"]
[WhiteTitle "IM"]
[BlackTitle "FM"]
[WhiteElo "2436"]
[BlackElo "2357"]
[WhiteFideId "1136194"]
[BlackFideId "13718428"]
[EventDate "2025.06.17"]

1. Nf3 Nf6 2. g3 d5 3. Bg2 e6 4. O-O Be7 5. d3 O-O 6. Nbd2 b6 7. e4 Bb7 8. Qe2
c5 9. e5 Nfd7 10. c3 Nc6 11. Re1 Kh8 12. h4 h6 13. Nf1 b5 14. h5 b4 15. c4 dxc4
16. dxc4 Nd4 17. Nxd4 Bxg2 18. Kxg2 cxd4 19. b3 Nc5 20. Bb2 d3 21. Qf3 Qd7 22.
Rad1 Rad8 23. Nd2 a5 24. Ne4 Nxe4 25. Rxe4 Bc5 26. Rd2 a4 27. Re1 a3 28. Ba1 Qa7
29. Red1 Rd7 30. Rxd3 Rfd8 31. Rd6 Bxd6 32. exd6 Rxd6 33. Qf4 e5 34. Qxe5 Qb7+
35. Kh2 f6 36. Rxd6 fxe5 37. Rxd8+ Kh7 38. Bxe5 Qf3 39. Bd4 Qxh5+ 40. Kg2 Qf5
41. c5 Qc2 42. Rd7 h5 43. Rxg7+ Kh6 44. Rd7 Qe4+ 45. Kh2 h4 46. Rd6+ Kh5 47. c6
hxg3+ 48. Kxg3 Qg4+ 49. Kh2 Qf4+ 0-1

[Event "Titled Tue 17th Jun Late"]
[Site "chess.com INT"]
[Date "2025.06.17"]
[Round "8"]
[White "Winkels, Marcel"]
[Black "Yevchenko, Oleksandr"]
[Result "1-0"]
[WhiteTitle "CM"]
[BlackTitle "CM"]
[WhiteElo "1905"]
[BlackElo "2276"]
[WhiteFideId "1003887"]
[BlackFideId "14108267"]
[EventDate "2025.06.17"]

1. e4 c5 2. d4 cxd4 3. c3 Nf6 4. Bd3 dxc3 5. Nxc3 Nc6 6. Nf3 d6 7. h3 e6 8. O-O
a6 9. Qe2 b5 10. a3 Be7 11. Rd1 Bd7 12. e5 Nxe5 13. Nxe5 dxe5 14. Qxe5 Qb8 15.
Qg5 O-O 16. Bf4 Qb7 17. Be5 h6 18. Qg3 Rfd8 19. Ne4 Ne8 20. Rac1 Rac8 21. Rxc8
Rxc8 22. Bf4 Bc6 23. f3 Kh8 24. Be5 f6 25. Qg6 f5 26. Ng3 Bf6 27. Nxf5 Bxe5 28.
Nd6 Qa7+ 29. Kh1 Nf6 30. Nxc8 Qc7 31. a4 Qxc8 32. axb5 axb5 33. Rc1 Qb7 34. h4
Kg8 35. h5 Bxb2 36. Rc2 Be5 37. Ra2 Bd7 38. Be4 1-0

[Event "Titled Tue 17th Jun Late"]
[Site "chess.com INT"]
[Date "2025.06.17"]
[Round "8"]
[White "Thake, Conrad"]
[Black "Einarsson, Halldor Gretar"]
[Result "0-1"]
[WhiteTitle "CM"]
[BlackTitle "FM"]
[WhiteElo "1873"]
[BlackElo "2177"]
[WhiteFideId "5602947"]
[BlackFideId "2300150"]
[EventDate "2025.06.17"]

1. e4 d6 2. d4 Nf6 3. Nc3 e5 4. dxe5 dxe5 5. Qxd8+ Kxd8 6. Bg5 Nd7 7. O-O-O c6
8. Bc4 Ke8 9. f3 b5 10. Bb3 Nc5 11. Nge2 a5 12. a4 b4 13. Na2 Nxb3+ 14. cxb3 Be6
15. Kc2 Nd7 16. Nac1 Bc5 17. Nd3 Bb6 18. f4 f6 19. Bh4 exf4 20. Ndxf4 Bf7 21.
Bg3 Nc5 22. Nd4 g5 23. Nd3 Nxa4 24. bxa4 Bxd4 25. e5 f5 26. Rhe1 Be6 27. Bf2 Rd8
28. b3 c5 29. Bxd4 cxd4 30. Kb2 Ke7 31. Nc5 Bd5 32. e6 Bxg2 33. Re2 Bf3 34. Red2
Bxd1 35. Rxd1 f4 36. Kc2 Rhf8 37. Kd3 f3 38. Ke4 f2 39. Nd3 f1=Q 40. Rxf1 Rxf1
41. Ne5 Re1+ 42. Kf5 Rxe5+ 43. Kxe5 d3 0-1

[Event "Titled Tue 17th Jun Late"]
[Site "chess.com INT"]
[Date "2025.06.17"]
[Round "8"]
[White "Domingo Nunez, Alejandro"]
[Black "Distaso, Antonio Pio"]
[Result "1-0"]
[WhiteTitle "FM"]
[WhiteElo "2340"]
[BlackElo "2253"]
[WhiteFideId "22245561"]
[BlackFideId "805548"]
[EventDate "2025.06.17"]

1. e4 c5 2. d4 cxd4 3. c3 Nf6 4. e5 Nd5 5. Nf3 e6 6. cxd4 b6 7. Nc3 Bb7 8. Bd3
Nxc3 9. bxc3 Qc7 10. Bd2 d6 11. O-O Nd7 12. Ng5 Be7 13. Qh5 Bxg5 14. Qxg5 O-O
15. f4 f6 16. exf6 Nxf6 17. Rae1 Rae8 18. Re3 h6 19. Qg6 Qf7 20. Qg3 Nd5 21. Re2
Ne7 22. Qh3 e5 23. Qd7 Bc6 24. Qxd6 exd4 25. Qxd4 Nf5 26. Qc4 Rxe2 27. Bxe2 Bd5
28. Qd3 Bxa2 29. c4 Re8 30. Re1 Rc8 31. Rc1 Ne7 32. Qc2 b5 33. Qxa2 bxc4 34.
Bxc4 Rxc4 35. Qxc4 Nd5 36. Rd1 Qe6 37. Bc1 Qf5 38. Qxd5+ Qxd5 39. Rxd5 1-0

[Event "Titled Tue 17th Jun Late"]
[Site "chess.com INT"]
[Date "2025.06.17"]
[Round "8"]
[White "Ferreira, Vitor Hugo Vieira"]
[Black "Demirtas, Alper"]
[Result "0-1"]
[BlackTitle "CM"]
[WhiteElo "2128"]
[BlackElo "2205"]
[WhiteFideId "2119765"]
[BlackFideId "44576781"]
[EventDate "2025.06.17"]

1. e4 e6 2. d4 d5 3. e5 c5 4. c3 Qb6 5. Nf3 Bd7 6. Bd3 cxd4 7. cxd4 Bb5 8. O-O
Bxd3 9. Qxd3 Nc6 10. Nc3 Nge7 11. a3 Nf5 12. Rd1 Be7 13. b4 h5 14. Na4 Qc7 15.
Bf4 O-O 16. h3 h4 17. Rac1 a6 18. Nc5 Rfc8 19. g4 hxg3 20. fxg3 Bxc5 21. Rxc5
Qd7 22. g4 Nfe7 23. Ng5 Ng6 24. Be3 b6 25. Rc2 a5 26. b5 Na7 27. Rf2 Qxb5 28.
Qxb5 Nxb5 29. Rxf7 Rc3 30. Bf2 Rf8 31. Rb7 Rc2 32. Be3 Nc3 33. Re1 Ne2+ 34. Kh1
Ng3+ 35. Kg1 Nh4 36. Rxg7+ Kxg7 37. Nxe6+ Kg8 38. Bf2 Rfxf2 39. Nf4 Rxf4 0-1

[Event "Titled Tue 17th Jun Late"]
[Site "chess.com INT"]
[Date "2025.06.17"]
[Round "8"]
[White "Ernst, Luca"]
[Black "Volodin, Alexandr E."]
[Result "1-0"]
[WhiteTitle "FM"]
[BlackTitle "FM"]
[WhiteElo "2215"]
[BlackElo "2344"]
[WhiteFideId "45117055"]
[BlackFideId "34268871"]
[EventDate "2025.06.17"]

1. e4 c5 2. Nf3 d6 3. d4 cxd4 4. Qxd4 Nf6 5. Nc3 Nc6 6. Bb5 Bd7 7. Qd3 g6 8. Bg5
Bg7 9. O-O-O O-O 10. e5 Bf5 11. Qe2 a6 12. Bxc6 bxc6 13. exf6 exf6 14. Bf4 d5
15. Nd4 Re8 16. Qd2 Bd7 17. Rhe1 c5 18. Nb3 Rxe1 19. Rxe1 c4 20. Nd4 g5 21. Bd6
Bb5 22. Be7 Qd7 23. Ndxb5 axb5 24. Qxd5 Qc8 25. Qxb5 f5 26. Bxg5 Bxc3 27. bxc3
h6 28. Bf4 Kh7 29. a4 Qf8 30. Qxf5+ Kg8 31. Re3 Qa3+ 32. Kd2 Rd8+ 33. Ke2 Qxa4
34. Rg3+ Kf8 35. Bxh6+ Ke7 36. Bg5+ Kd6 37. Qf6+ Kc5 38. Qxd8 Qxc2+ 39. Qd2 Qf5
40. Be3+ Kb5 41. Rg5 Qxg5 42. Bxg5 f5 43. h4 Ka4 44. Qb2 Ka5 45. Qb4+ Ka6 46.
Be3 f4 47. Qb6# 1-0

[Event "Titled Tue 17th Jun Late"]
[Site "chess.com INT"]
[Date "2025.06.17"]
[Round "8"]
[White "Ivashentseva, Dominika"]
[Black "Holinka, Henning"]
[Result "0-1"]
[WhiteTitle "WCM"]
[BlackTitle "FM"]
[WhiteElo "1969"]
[BlackElo "2303"]
[WhiteFideId "34331050"]
[BlackFideId "12967084"]
[EventDate "2025.06.17"]

1. d4 b6 2. c4 Bb7 3. Nc3 e6 4. e4 Bb4 5. Qc2 Qh4 6. Bd3 f5 7. Nf3 Qg4 8. Be2
fxe4 9. Ne5 Qxg2 10. Rf1 Nf6 11. Bd2 Bxc3 12. bxc3 d6 13. O-O-O dxe5 14. Rg1
Qxf2 15. Bg5 O-O 16. Rdf1 Qxh2 17. Rh1 Qg2 18. Rhg1 Qh3 19. Rh1 Qg3 20. Rhg1 Qh2
21. Rh1 Qg3 22. Rhg1 Qh3 23. Rh1 Qd3 24. Bxd3 exd3 25. Qh2 Bxh1 26. Rxh1 Nbd7
27. Rg1 exd4 28. cxd4 Kh8 29. Qxc7 Rac8 30. Qh2 Rxc4+ 31. Kb1 Rc2 32. Bxf6 Rxh2
33. Bxg7+ Kg8 34. Bxf8+ Kxf8 35. Re1 Ke7 36. d5 e5 37. Rh1 Rxh1+ 0-1

[Event "Titled Tue 17th Jun Late"]
[Site "chess.com INT"]
[Date "2025.06.17"]
[Round "8"]
[White "Svane, Rasmus"]
[Black "Naroditsky, Daniel"]
[Result "0-1"]
[WhiteTitle "GM"]
[BlackTitle "GM"]
[WhiteElo "2626"]
[BlackElo "2619"]
[WhiteFideId "4657101"]
[BlackFideId "2026961"]
[EventDate "2025.06.17"]

1. Nf3 d5 2. g3 Nc6 3. d4 Bf5 4. Bg2 Nb4 5. Na3 e6 6. O-O Nf6 7. c3 Nc6 8. Qb3
Rb8 9. Bg5 Be7 10. Bxf6 Bxf6 11. Nd2 O-O 12. e4 dxe4 13. Nxe4 Be7 14. Nc4 b5 15.
Ne3 Bg6 16. f4 b4 17. Qc4 bxc3 18. bxc3 Na5 19. Qa6 c5 20. Nxc5 Bxc5 21. dxc5
Bd3 22. Qxa7 Bxf1 23. Rxf1 Qd3 24. Qxa5 Qxe3+ 25. Kh1 Rb2 26. c6 Qd2 27. Rg1
Rxa2 28. Qc5 Rc2 29. c4 Qe2 30. Qd6 Qxc4 31. h4 g6 32. Kh2 Rc8 33. Kh3 Qa2 34.
Qd7 R8xc6 35. Bxc6 Rh2+ 36. Kg4 Qe2+ 37. Bf3 Qc2 38. Kg5 Rd2 39. Qe7 Qc8 40. Kh6
Rd7 41. Qf6 Qf8+ 42. Kg5 h5 43. Be4 Rd5+ 44. Bxd5 Kh7 45. Be4 Qh6# 0-1

[Event "Titled Tue 17th Jun Late"]
[Site "chess.com INT"]
[Date "2025.06.17"]
[Round "8"]
[White "Ristic, Nebojsa M"]
[Black "Mayans Calvo, Mariano"]
[Result "0-1"]
[WhiteTitle "IM"]
[BlackTitle "CM"]
[WhiteElo "2248"]
[BlackElo "2101"]
[WhiteFideId "900850"]
[BlackFideId "2251426"]
[EventDate "2025.06.17"]

1. d4 Nf6 2. Bf4 c6 3. e3 g6 4. h4 h6 5. Nc3 Bg7 6. Bd3 d6 7. Qd2 Nbd7 8. Nf3
Qa5 9. Rd1 e5 10. dxe5 dxe5 11. Bh2 O-O 12. Rg1 Ng4 13. Bg3 f5 14. Bc4+ Kh7 15.
h5 g5 16. Qd6 Qc5 17. Qg6+ Kh8 18. Bf7 Qe7 19. Qxf5 Ndf6 20. Qg6 Qxf7 21. Nxe5
Nxe5 22. Bxe5 Qxg6 23. hxg6 Bf5 24. Bxf6 Bxf6 25. Rd6 Kg7 26. e4 Bxg6 27. f3
Rad8 28. Rxd8 Rxd8 29. Ke2 Bxc3 30. bxc3 Bf7 31. Rb1 b5 32. a4 bxa4 33. Rb7 a3
34. Rxa7 a2 35. c4 Rd4 36. Ke3 Rxc4 37. e5 Kg6 38. Kd3 Rc5 39. c4 Rxc4 40. Ra6
Rc5 0-1

[Event "Titled Tue 17th Jun Late"]
[Site "chess.com INT"]
[Date "2025.06.17"]
[Round "8"]
[White "Guerrero Cataldo, Juan Andres"]
[Black "Sindarov, Islombek"]
[Result "1/2-1/2"]
[WhiteTitle "CM"]
[BlackTitle "CM"]
[WhiteElo "2082"]
[BlackElo "2129"]
[WhiteFideId "3421260"]
[BlackFideId "14205475"]
[EventDate "2025.06.17"]

1. e4 c5 2. Nf3 Nc6 3. Bb5 g6 4. O-O Bg7 5. Re1 d6 6. c3 Nf6 7. d4 O-O 8. h3
cxd4 9. cxd4 a6 10. Bf1 b5 11. a3 Bb7 12. Nc3 Rc8 13. Bg5 Na5 14. Rc1 Nc4 15.
Qe2 Qa5 16. e5 dxe5 17. dxe5 Nd5 18. Nxd5 Bxd5 19. Bxe7 Rfe8 20. Bb4 Qb6 21. Bc3
Qb7 22. Qd3 Bxf3 23. Qxf3 Qxf3 24. gxf3 Bxe5 25. Bxc4 Rxc4 26. Bxe5 Rxe5 27. Kg2
Rxe1 28. Rxe1 Rc2 29. Re8+ Kg7 30. Ra8 Rxb2 31. Rxa6 h5 32. h4 Rb3 33. Rb6 f6
34. Kg3 g5 35. hxg5 fxg5 36. Rb7+ Kf6 37. Rb6+ Kf5 38. Kg2 h4 39. Rb8 Kg6 40.
Rb6+ Kf5 41. Rb8 Ke5 42. Rb7 Kd4 43. Ra7 Kc3 44. Kh3 Kb2 45. Kg4 Rxa3 46. Rb7
Rb3 47. Kxg5 b4 48. Kxh4 Ka3 49. Kg4 Rd3 50. f4 b3 51. f5 b2 52. Rxb2 Kxb2 53.
Kg5 Kc3 54. Kg6 Kd4 55. f6 Ke5 56. f7 Rd6+ 57. Kg7 Rd7 58. Kg8 Rxf7 59. Kxf7 Kf4
60. Kf6 Kf3 61. Kf5 Kxf2 1/2-1/2

[Event "Titled Tue 17th Jun Late"]
[Site "chess.com INT"]
[Date "2025.06.17"]
[Round "8"]
[White "Ambartsumova, Karina"]
[Black "Ngo, Quang Thai"]
[Result "1-0"]
[WhiteTitle "IM"]
[BlackTitle "FM"]
[WhiteElo "2403"]
[BlackElo "2326"]
[WhiteFideId "4166299"]
[BlackFideId "12403768"]
[EventDate "2025.06.17"]

1. Nf3 d5 2. e3 Nf6 3. c4 e6 4. Nc3 Be7 5. b3 O-O 6. Bb2 b6 7. Rc1 Bb7 8. cxd5
exd5 9. Be2 c5 10. d4 Nbd7 11. O-O Re8 12. Qc2 Rc8 13. Rfd1 Bf8 14. dxc5 bxc5
15. Qf5 Nb6 16. Bb5 Re6 17. Ng5 Rd6 18. Bd3 g6 19. Qh3 h6 20. Nf3 a6 21. Ne2 Bg7
22. Be5 Re6 23. Nf4 Re8 24. g4 Qd7 25. g5 Qxh3 26. Nxh3 hxg5 27. Nhxg5 Nh7 28.
Bxg7 Kxg7 29. Nxh7 Kxh7 30. Bf1 Kg7 31. Bg2 Red8 32. Rc3 d4 33. exd4 Bxf3 34.
Bxf3 cxd4 35. Rcd3 Rc2 36. a4 Rb2 37. Kg2 Rd6 38. a5 Nd7 39. Rxd4 Rxd4 40. Rxd4
Nc5 41. b4 Ne6 42. Rd6 Rxb4 43. Rxa6 Ra4 44. Ra7 Kf6 45. Kg3 Nc5 46. Bd5 Kg5 47.
Bxf7 Ne4+ 48. Kg2 1-0

[Event "Titled Tue 17th Jun Late"]
[Site "chess.com INT"]
[Date "2025.06.17"]
[Round "8"]
[White "Maghsoodloo, Parham"]
[Black "Stribuk, Artiom"]
[Result "1-0"]
[WhiteTitle "GM"]
[BlackTitle "IM"]
[WhiteElo "2691"]
[BlackElo "2460"]
[WhiteFideId "12539929"]
[BlackFideId "13515659"]
[EventDate "2025.06.17"]

1. c4 c5 2. Nc3 Nf6 3. g3 d5 4. cxd5 Nxd5 5. Bg2 Nc7 6. a3 Nc6 7. Rb1 Bf5 8. d3
a6 9. Bxc6+ bxc6 10. b3 e5 11. Nf3 f6 12. Na4 Be7 13. Be3 Ne6 14. Rc1 Nd4 15.
Nd2 Qd5 16. f3 Rb8 17. Rc4 O-O 18. O-O Rfd8 19. Nc3 Qe6 20. Nce4 Bxe4 21. fxe4
Nxb3 22. Qc2 Nd4 23. Bxd4 Rxd4 24. Rb1 Rxb1+ 25. Qxb1 Qg4 26. Qf1 h5 27. Kg2 h4
28. Qf3 Qxf3+ 29. Kxf3 hxg3 30. hxg3 Kf7 31. Rc3 Rd8 32. Rb3 Rh8 33. Kg2 Ke6 34.
Rb6 Kd7 35. Nc4 Bd8 36. Rxa6 Bc7 37. Ra4 Rb8 38. Ne3 Rb2 39. Kf3 Ra2 40. Ra8 Ke7
41. Nf5+ Kd7 42. Ne3 g6 43. Rg8 Rxa3 44. Rxg6 Bd8 45. Rg8 Be7 46. Rb8 Bd8 47.
Rb7+ Ke8 48. Nc4 Ra1 49. Nd6+ Kf8 50. Rf7+ Kg8 51. Rd7 Ba5 52. Kg4 1-0

[Event "Titled Tue 17th Jun Late"]
[Site "chess.com INT"]
[Date "2025.06.17"]
[Round "8"]
[White "Vinolas Anglada, Laura"]
[Black "Guliev, Gasan"]
[Result "1/2-1/2"]
[WhiteTitle "WCM"]
[BlackTitle "CM"]
[WhiteElo "2059"]
[BlackElo "2123"]
[WhiteFideId "24517925"]
[BlackFideId "34165638"]
[EventDate "2025.06.17"]

1. e4 c5 2. Nf3 Nc6 3. d4 cxd4 4. Nxd4 Nf6 5. Nc3 e5 6. Ndb5 d6 7. Bg5 a6 8. Na3
b5 9. Nd5 Be7 10. Bxf6 Bxf6 11. c3 Rb8 12. Nc2 O-O 13. Be2 g6 14. h4 a5 15. h5
Bg5 16. Qd3 Ne7 17. Nce3 Nxd5 18. Nxd5 b4 19. Qg3 Be6 20. Qh2 h6 21. f4 exf4 22.
Nxf4 bxc3 23. bxc3 Qf6 24. O-O Qxc3 25. hxg6 Qe3+ 26. Kh1 Bxf4 27. Qxf4 Qxe2 28.
Qxh6 fxg6 29. Qxg6+ Kh8 30. Qh6+ Kg8 31. Qxe6+ Kg7 32. Qe7+ Kg8 33. Qg5+ Kh8 34.
Qh6+ Kg8 35. Rxf8+ Rxf8 36. Qg6+ Kh8 37. Qh6+ Kg8 38. Qe6+ Kh8 39. Qh3+ Kg7 40.
Qg3+ Kh7 41. Qh4+ Kg6 42. Kg1 Qe3+ 43. Kh1 Qc3 44. Qg4+ Kh7 45. Qh5+ Kg7 46.
Qg5+ Kh7 47. Qh5+ Kg7 48. Qg5+ Kh7 49. Qh5+ 1/2-1/2

[Event "Titled Tue 17th Jun Late"]
[Site "chess.com INT"]
[Date "2025.06.17"]
[Round "8"]
[White "Rozman, Levy"]
[Black "Steinberg, Nitzan"]
[Result "0-1"]
[WhiteTitle "IM"]
[BlackTitle "GM"]
[WhiteElo "2324"]
[BlackElo "2554"]
[WhiteFideId "2039877"]
[BlackFideId "2801795"]
[EventDate "2025.06.17"]

1. Na3 d5 2. c3 e5 3. d4 e4 4. Bf4 c6 5. e3 Nf6 6. h4 Be7 7. h5 h6 8. Nc2 Nbd7
9. a4 a5 10. Ne2 Nf8 11. Be5 Bg4 12. Bxf6 Bxf6 13. Qd2 Bg5 14. Nc1 Nd7 15. Be2
Be6 16. f4 exf3 17. gxf3 Bh4+ 18. Kd1 Be7 19. Nd3 Bd6 20. e4 Nb6 21. e5 Be7 22.
Rg1 Nc4 23. Qc1 Qb6 24. b4 Bf5 25. b5 cxb5 26. axb5 Rc8 27. Rb1 O-O 28. f4 Qe6
29. Ke1 Bh4+ 30. Nf2 Kh8 31. Kf1 f6 32. Bxc4 Rxc4 33. Ne3 Rc7 34. Nxf5 Qxf5 35.
e6 Qxe6 36. Rb2 Re8 37. Qd2 Qf5 38. Rg2 Rce7 39. Kg1 Re3 40. b6 Qxf4 41. Nh3
Re1+ 0-1

[Event "Titled Tue 17th Jun Late"]
[Site "chess.com INT"]
[Date "2025.06.17"]
[Round "8"]
[White "Janaszak, Dawid"]
[Black "Ragger, Markus"]
[Result "1-0"]
[WhiteTitle "FM"]
[BlackTitle "GM"]
[WhiteElo "2306"]
[BlackElo "2566"]
[WhiteFideId "1119206"]
[BlackFideId "1610856"]
[EventDate "2025.06.17"]

1. f4 d5 2. Nf3 c6 3. b3 Bg4 4. Ne5 Bf5 5. e3 Nd7 6. Bb2 Nxe5 7. Bxe5 Qd7 8. Be2
f6 9. Bb2 e6 10. O-O Bd6 11. d3 Ne7 12. Bh5+ Bg6 13. Bg4 h5 14. Bh3 Bf5 15. Qf3
O-O-O 16. Nd2 Rhg8 17. Kh1 g5 18. Bxf5 Nxf5 19. Bxf6 Rdf8 20. fxg5 h4 21. Qh3
Rf7 22. e4 Ng3+ 23. hxg3 hxg3 24. Nf3 Rh7 25. Nh4 e5 26. Rf5 Rh5 27. Kg1 dxe4
28. dxe4 Bc5+ 29. Kf1 Kc7 30. Bxe5+ Kb6 31. Qxg3 Qh7 32. g6 Rxf5+ 33. exf5 Qh5
34. b4 Be7 35. Bd4+ Ka6 36. Qa3+ Kb5 37. Qa5+ Kc4 38. Nf3 Qh1+ 39. Bg1 Bd6 40.
Rd1 Rxg6 41. Rd4+ Kc3 42. Qa3+ Kxc2 43. Rd2+ Kb1 44. Qb2# 1-0

[Event "Titled Tue 17th Jun Late"]
[Site "chess.com INT"]
[Date "2025.06.17"]
[Round "8"]
[White "Gerbelli Neto, Eduardo"]
[Black "George Samir, David"]
[Result "1-0"]
[BlackTitle "FM"]
[WhiteElo "2114"]
[BlackElo "2356"]
[WhiteFideId "2103281"]
[BlackFideId "10657789"]
[EventDate "2025.06.17"]

1. e4 b6 2. Nc3 Bb7 3. d4 g6 4. Bd3 Bg7 5. Nf3 c5 6. d5 d6 7. O-O Nd7 8. Bf4
Ngf6 9. h3 O-O 10. Re1 Re8 11. Qd2 a6 12. a4 Rc8 13. b3 Qc7 14. Rad1 Ne5 15.
Nxe5 dxe5 16. Bh6 Red8 17. Bxg7 Kxg7 18. Qg5 h6 19. Qg3 Nh5 20. Qf3 Nf4 21. Ne2
e6 22. Nxf4 exf4 23. c4 e5 24. g3 fxg3 25. fxg3 Rd6 26. Rf1 f6 27. h4 Rf8 28.
Rd2 Bc8 29. g4 Qd7 30. Rg2 g5 31. hxg5 hxg5 32. Kf2 Rh8 33. Rfg1 Rh4 34. Be2 Qf7
35. Ke3 Qg6 36. Rg3 Qh6 37. Kd3 Bd7 38. Kc3 Be8 39. Qe3 a5 40. Rf1 Bg6 41. Rff3
Rh2 42. Rh3 Rd8 43. Rxh6 Rxh6 44. Qf2 Rdh8 45. Rxf6 Rh3+ 46. Rf3 Bxe4 47. Rxh3
Rxh3+ 48. Kb2 Bg6 49. Qg2 Re3 50. d6 Re4 51. Bd3 Rd4 52. Qb7+ Kf6 53. Qe7# 1-0

[Event "Titled Tue 17th Jun Late"]
[Site "chess.com INT"]
[Date "2025.06.17"]
[Round "8"]
[White "Mesquita, Eduardo Barbosa"]
[Black "Schmider, Niklas"]
[Result "1-0"]
[BlackTitle "IM"]
[WhiteElo "2014"]
[BlackElo "2421"]
[WhiteFideId "22757163"]
[BlackFideId "12993778"]
[EventDate "2025.06.17"]

1. e4 e5 2. Nf3 Nf6 3. Nc3 Nc6 4. Bb5 Bb4 5. O-O O-O 6. d3 d6 7. Bg5 Bxc3 8.
bxc3 Qe7 9. h3 Nd8 10. Re1 Ne6 11. Bh4 h6 12. d4 Nf4 13. Bg3 N6h5 14. Bh2 c6 15.
Bf1 Qf6 16. Kh1 Be6 17. g4 Nxh3 18. Bxh3 Nf4 19. Bxf4 Qxf4 20. Nh2 Qxf2 21. Qd3
d5 22. Rf1 Qh4 23. Bg2 exd4 24. exd5 cxd5 25. Qxd4 Rac8 26. Rf4 Rc4 27. Qd2 Qg5
28. Raf1 Rfc8 29. R1f3 d4 30. cxd4 Rxc2 31. Qe3 Bd5 32. Rf2 Rc1+ 33. Rf1 Rxf1+
34. Nxf1 Qh4+ 35. Kg1 Bxg2 36. Kxg2 Rc2+ 37. Rf2 Qxg4+ 38. Ng3 Rc8 39. Rf4 Qd1
40. Rf2 Qb1 41. Nf5 Qb5 42. Ne7+ Kf8 43. Nxc8 Qc6+ 44. Qf3 Qxc8 45. Qxf7# 1-0